Man's impact on environment / (Record no. 145929)

MARC details
000 -LEADER
fixed length control field 00766nam a2200253 a 4500
008 - FIXED-LENGTH DATA ELEMENTS--GENERAL INFORMATION
fixed length control field
020 ## - INTERNATIONAL STANDARD BOOK NUMBER
International Standard Book Number 0070165920
049 ## - LOCAL HOLDINGS (OCLC)
Holding library MAIN
090 01 - LOCALLY ASSIGNED LC-TYPE CALL NUMBER (OCLC); LOCAL CALL NUMBER (RLIN)
Classification number (OCLC) (R) ; Classification number, CALL (RLIN) (NR) GF75
Local cutter number (OCLC) ; Book number/undivided call number, CALL (RLIN) DET
003 - CONTROL NUMBER IDENTIFIER
control field
005 - DATE AND TIME OF LATEST TRANSACTION
control field 20230123133301.0
040 ## - CATALOGING SOURCE
Transcribing agency NUST
100 1# - MAIN ENTRY--PERSONAL NAME
Personal name Detwyler, Thomas R.
245 10 - TITLE STATEMENT
Title Man's impact on environment /
Statement of responsibility, etc. Thomas R. Detwyler.
260 ## - PUBLICATION, DISTRIBUTION, ETC.
Place of publication, distribution, etc. New York :
Name of publisher, distributor, etc. McGraw-Hill,
Date of publication, distribution, etc. c1971.
300 ## - PHYSICAL DESCRIPTION
Extent xiii, 731 p. :
Other physical details ill., maps. ;
Dimensions 26 cm.
440 #0 - SERIES STATEMENT/ADDED ENTRY--TITLE
Title McGraw-Hill series in geography.
504 ## - BIBLIOGRAPHY, ETC. NOTE
Bibliography, etc. note Includes bibliographical references.
650 #0 - SUBJECT ADDED ENTRY--TOPICAL TERM
Topical term or geographic name entry element Nature
General subdivision Effect of human beings on.
650 #0 - SUBJECT ADDED ENTRY--TOPICAL TERM
Topical term or geographic name entry element Pollution.
830 ## - SERIES ADDED ENTRY--UNIFORM TITLE
Uniform title McGraw-Hill series in geography.
907 ## - LOCAL DATA ELEMENT G, LDG (RLIN)
a .b10078083
b 04-04-13
c 19-06-03
942 ## - ADDED ENTRY ELEMENTS (KOHA)
Koha item type Ordinary Loan Books
Call number prefix GF75
Call number suffix DET
Holdings
Date last seen Total Checkouts Full call number Barcode Cost, replacement price Price effective from Koha item type Lost status Source of classification or shelving scheme Damaged status Not for loan Collection Withdrawn status Home library Current library Shelving location Date acquired Cost, normal purchase price
01/23/2023 46 GF75 DET 92003001127 80.00 01/23/2023 BOOKS   LCC     NFIC   MAIN MAIN GEN 01/23/2023 80.00